| 000 | 00581nam a2200193 u 4500 | ||
|---|---|---|---|
| 005 | 20240806064108.0 | ||
| 008 | 090820s2006 r 000 0 eng d | ||
| 020 | _a8420666815 | ||
| 035 | _aUPN01000171952 | ||
| 049 | _aCG | ||
| 050 | 4 |
_aPT2635 I6.5 _bC3.8b |
|
| 100 | 1 |
_aRilke, Rainer María, _d1875-1926 _930247 |
|
| 245 | 1 | 0 |
_aCartas a un joven poeta / _cRainer María Rilke ; tr. y nota prel. de José María Valverde. |
| 260 |
_aMadrid : _bAlianza, _c2006. |
||
| 300 | _a111 p. | ||
| 440 | 2 | _aEl libro de bolsillo | |
| 650 | 4 |
_aLiteratura alemana _910466 |
|
| 905 | _aLibro | ||
| 999 |
_c144056 _d144056 |
||